00827nam a2200181 i 450000100060000000300090000600500170001500700030003200800410003510000320007624502250010826000450033330000230037850000740040185200320047599900170050795201210052440883ES-MaACL20230906160330.0t|030307s1951 sp ||||1| spa d1 aCaro de Mallen, Ana.93540710aContexto de las reales fiestas que se hicieron en el Palacio del Buen Retiro a la coronación del rey...de romanos y entrada en Madrid de la Señora Princesa de Cariñan en tres discursos / cpor Ana Caro de Mallén. a[s.l. : bs.n., c1951] (fTip. Moderna) a39 fol. ; c25 cm. aReproducción facsímil de: Madrid, Imprenta del Reyno, Año 1637. aES-MaACLjC-13681 bR.36971 c40883d40883 00104070aATENEOMbATENEOMcSPALd2008-01-17eSCl0oC-13681p1043036r2023-02-23 00:00:00w2023-02-23yMONOGRAFIA